Logo BPK

Biblioteka

Politechniki Koszalińskiej

Finite element and boundary element techniques from mathematical and engineering point of view / (Rekord nr 28914)

Szczegóły MARC
000 -ETYKIETA REKORDU
podpole kontrolne o stałej długości 00686nam a2200217 i 4500
001 - NUMER KONTROLNY REKORDU
pole kontrolne bg
020 ## - MIĘDZYNARODOWY ZNORMALIZOWANY NUMER KSIĄŻKI - ISBN
ISBN 3211821031
040 ## - ŹRÓDŁO KATALOGOWANIA
Instytucja, która utworzyła rekord BPK
041 ## - KOD JĘZYKA
Kod języka tekstu pol
080 ## - UNIWERSALNA KLASYFIKACJA DZIESIĘTNA - UKD
UKD 517.5/.6:519.6:624:539.3/.6
920 ## - Międzynarodowy znormalizowany numer książki – ISBN
ISBN 3-211-82103-1
008 - POLE O STAŁEJ DŁUGOŚCI - DANE KONTROLNE
podpole kontrolne o stałej długości s pl f |000 0 pol
245 #0 - TYTUŁ/ODPOWIEDZIALNOŚĆ
Tytuł Finite element and boundary element techniques from mathematical and engineering point of view /
Pozostałe elementy strefy tytułu i oznaczenia odpowiedzialności edit. by E. Stein, W. Wendland.
260 ## - STREFA ADRESU WYDAWNICZEGO
Miejsce wydania Wien ; New York :
Nazwa wydawcy/dystrybutora Springer-Verl.,
Data publikacji, dystrybucji/powstania dokumentu 1988.
300 ## - STREFA OPISU FIZYCZNEGO
Objętość 333 s. :
Inne cechy fizyczne rys., wykr. ;
Rozmiary 24 cm.
490 1# - STREFA SERII I DOKUMENTU WIELOCZĘŚCIOWEGO - FORMA NIE DO WYSZUKIWANIA
Tytuł i oznaczenie odpowiedzialności serii CISM Courses and Lectures ;
Numeracja w obrębie serii No 301
700 1# - HASŁO DODATKOWE - NAZWA OSOBOWA
Nazwa osobowa STEIN, E.
700 1# - HASŁO DODATKOWE - NAZWA OSOBOWA
Nazwa osobowa WENDLAND, W.
830 ## - HASŁO DODATKOWE SERII LUB DOKUMENTU WIELOCZĘŚCIOWEGO - TYTUŁ UJEDNOLICONY
Tytuł ujednolicony CISM Courses and Lectures ;
856 ## - LOKALIZACJA I DOSTĘP DO ELEKTRONICZNYCH DOKUMENTÓW ZDALNYCH
Link (URL) http://koha.tu.koszalin.pl/cgi-bin/koha/opac-detail.pl?biblionumber=28914
Tekst linku Katalog online BPK
942 ## - DODATKOWE ELEMENTY (KOHA)
Typ dokumentu Książka
Egzemplarze
Wycofany Status egzemplarza Uszkodzony Dostępność Lokalizacja stała Lokalizacja bieżąca Miejsce przechowywania Sygnatura Kod kreskowy Typ dokumentu
      Dostępny Biblioteka Politechniki Koszalińskiej Biblioteka Politechniki Koszalińskiej Wypożyczalnia BG 34921 01163070 Książka
© 2023 Biblioteka Politechniki Koszalińskiej :: KOHA